000 00692nam a2200229Ia 4500
003 OSt
005 20220926002636.0
006 a|||||r|||| 00| 0
007 ta
008 220923b |||||||| |||| 00| 0 eng d
037 _cGeneral Book
040 _aRTL
_cRTL
_beng
041 _2eng
_aeng
082 _aX9b4.2.N98 - N97r, N8/GD
110 _aNational Council of Applied Economic Research.
_9141110
245 0 _aAnnual Report 1996-97.
260 _a New Delhi
_bNCAER
_c1998
300 _a62p.
_ccm.
700 _aNational Council of Applied Economic Research.
_9141111
942 _hX9b4.2.N98 - N97r, N8/GD
_cGB
_2CC
999 _c605702
_d605702